Wszystkie państwa na literę S - Statystyki

Ogólne statystyki
  • Ten quiz został rozwiązany 68 razy
  • Średni wynik to 8 z 17
Statystyki odpowiedzi
Hint Odpowiedź % Poprawnych
s Szwecja
70%
s Słowacja
70%
s Słowenia
70%
s Serbia
67%
S Szwajcaria
62%
s Stany zjednoczone
56%
s Salwador
52%
s Senegal
52%
s Somalia
52%
s San Marino
51%
s Sudan
44%
s Samoa
43%
s Syria
41%
s Sri Lanka
36%
s Singapur
30%
S Szkocja
23%
s Sierra Leone
20%
Nie znaleziono quizów pasujących do podanych kryteriów
Rozkład punktacji
Procent ludzi z każdym wynikiem
Percentyl według liczby udzielonych odpowiedzi
Twoja historia wyników
Nie rozwiązałeś tego quizu